Problém nezamestnanosti v Slovenskej republike

Súčasný stav nezamestnanosti v Slovenskej republike. Priemerná miera evidovanej nezamestnanosti v SR v rokoch 1991-2003. Nezamestnanosť podľa veku, dĺžky trvania a vzdelania. Medzinárodné porovnanie vývoja celkovej miery nezamestnanosti. Možnosti riešenia nezamestnanosti v Slovenskej republike. Akt...

Ausführliche Beschreibung

Gespeichert in:
Bibliographische Detailangaben
1. Verfasser: Kucharčíková, Alžbeta
Format: Buchkapitel
Sprache:Slowakisch
Schlagworte:
Tags: Tag hinzufügen
Keine Tags, Fügen Sie das erste Tag hinzu!

MARC

LEADER 00000naa$a2200000$$$4500
001 0027565
005 20231017065618.5
041 0 |a slo 
044 |a CZ 
245 1 0 |a Problém nezamestnanosti v Slovenskej republike  |c Alžbeta Kucharčíková 
520 |a Súčasný stav nezamestnanosti v Slovenskej republike. Priemerná miera evidovanej nezamestnanosti v SR v rokoch 1991-2003. Nezamestnanosť podľa veku, dĺžky trvania a vzdelania. Medzinárodné porovnanie vývoja celkovej miery nezamestnanosti. Možnosti riešenia nezamestnanosti v Slovenskej republike. Aktívna politika trhu práce. Podiel priemyselných parkov na tvorbe nových pracovných príležitostí v krajoch SR. Investície do zvyšovania hodnoty ľudského kapitálu. 
610 2 0 |a trh práce 
610 2 0 |a nezamestnanosť 
610 2 0 |a Slovensko 
610 2 0 |a miera nezamestnanosti 
610 2 0 |a politika zamestnanosti 
610 2 0 |a parky priemyselné 
610 2 0 |a kapitál ľudský 
610 2 0 |a investície 
100 1 |a Kucharčíková, Alžbeta